000 00447nam a22001577a 4500
020 _a0195792769
082 _a954.91
_bZIR
_cN-01, P-146
100 _aLawrence Ziring
_946542
245 _aPakistan in the Twentieth Century
_ba political history
250 _a7th
260 _aPakistan
_bAmeena Saiyid Oxfored University
_c2006
300 _aP-646
_bIllus
526 _a0
_b0
_c0
_d954_910000000000000_ZIR
650 _aMCE
_9379
942 _2ddc
_cBK
999 _c549855
_d549855